Μύθοι του Αισώπου : προσέγγισή τους μέσα από το κουκλοθέατρο στις πρώτες τάξεις του Δημοτικού : διπλωματική εργασία [πτυχιακή εργασία]

Αποθηκεύτηκε σε:
Λεπτομέρειες βιβλιογραφικής εγγραφής
Κύριος συγγραφέας: Σιάπκα, Αγορίτσα
Συγγραφή απο Οργανισμό/Αρχή: Πανεπιστήμιο Αιγαίου. Σχολή Ανθρωπιστικών Επιστημών. Παιδαγωγικό Τμήμα Δημοτικής Εκπαίδευσης
Άλλοι συγγραφείς: Κατσαδώρος, Γεώργιος Κ. (Εισηγητής διατριβής)
Μορφή: Thesis Βιβλίο
Γλώσσα:Greek
Δημοσίευση: 2014
Θέματα:
Διαθέσιμο Online:http://hdl.handle.net/11610/6014
Ετικέτες: Προσθήκη ετικέτας
Δεν υπάρχουν, Καταχωρήστε ετικέτα πρώτοι!

MARC

LEADER 00000cam a2200000 i 4500
001 1/55126
008 140908s2014 gre d
035 |l 10118955 
040 |a GR-MY-UA  |b gre  |e aacr 
041 0 |a gre 
082 0 |a 398.2071  |2 (22) 
100 1 |a Σιάπκα, Αγορίτσα. 
245 1 0 |a Μύθοι του Αισώπου :  |b προσέγγισή τους μέσα από το κουκλοθέατρο στις πρώτες τάξεις του Δημοτικού : διπλωματική εργασία [πτυχιακή εργασία] /  |c Σιάπκα Αγορίτσα ; επιβλέπων: Κατσαδώρος Γεώργιος 
260 |c 2014 
300 |a 115 σ.;  |c 30 εκ. 
500 |a Μέλη εξεταστικής επιτροπής: Κλαδάκη Μαρία, Χριστοδουλίδου Λουϊζα 
502 # # |a Πτυχιακή εργασία – Πανεπιστήμιο Αιγαίου, Ρόδος, 2014. 
504 |a Βιβλιογραφία: σ. 84-87 
600 0 0 |a Αίσωπος,   |d 6ος αι. π.Χ. 
650 0 0 |a Myth. 
650 0 0 |a Mythology. 
650 0 0 |a Myth  |x Study and teaching. 
650 0 0 |a Children's plays  |x Presentation, etc. 
650 0 0 |a Dissertations, Academic  |z Greece. 
700 1 |4 ths  |a Κατσαδώρος, Γεώργιος Κ. 
710 2 |a Πανεπιστήμιο Αιγαίου.   |b Σχολή Ανθρωπιστικών Επιστημών.   |b Παιδαγωγικό Τμήμα Δημοτικής Εκπαίδευσης. 
852 |a INST  |b RHODES  |c DIATR  |e 20140908  |h 398.2071 ΣΙΑ  |p 005400036694  |q 005400036694  |t DIE  |y 23 
852 |a INST  |b RHODES  |c DIATR  |e 20140908  |h 398.2071 ΣΙΑ  |p 005400036695  |q 005400036695  |t DIE  |y 23 
856 |u http://hdl.handle.net/11610/6014 
901 |a BIBL4-2014-3 
909 |a Ρ  |b 183196 
909 |a Ρ  |b 183197 
924 |a ΣΙΑΠΚΑ  |b ΑΓΟΡΙΤΣΑ  |y ΡΟΔΟΣ  |z 2014-07 
970 |z 2014/09/08